000 00573nam a22001817a 4500
005 20251108173012.0
008 250721s2004 xx 000 0 ara d
082 1 4 _aط/ق/ زام
100 1 _aالزامل، حيدر ابراهيم
245 1 0 _aعندما يسكن الأقزام مساكن العمالقة... /
264 1 _aعمان :
_bالمؤلف،
_c2004.
300 _a36ص.
650 1 7 _aأدب الأطفال
650 1 7 _aالقصة القصيرة
653 _aأطفال مرحلة متوسطة (6-9)سنوات
942 _2ddc
_cBK
999 _c93776
_d93776